Lịch sử và sự ngộ nhận
Nội dung sách gồm có hai phần: Phần 1: Nghi lễ tập tục, lối sống đạo lý truyền thống của dân tộc ta; Phần 2: Lịch sử của nhân vật trong lịch sử.
Na minha lista:
| Autor principal: | |
|---|---|
| Formato: | Livro |
| Idioma: | Undetermined |
| Publicado em: |
Hà Nội
Từ điển Bách khoa
2008
|
| Assuntos: | |
| Tags: |
Adicionar Tag
Sem tags, seja o primeiro a adicionar uma tag!
|
| Thư viện lưu trữ: | Trung tâm Học liệu Trường Đại học Cần Thơ |
|---|
| LEADER | 00923nam a2200217Ia 4500 | ||
|---|---|---|---|
| 001 | CTU_139723 | ||
| 008 | 210402s9999 xx 000 0 und d | ||
| 020 | |c 56000 | ||
| 082 | |a 959.7092 | ||
| 082 | |b Kh100 | ||
| 100 | |a Phan, Duy Kha | ||
| 245 | 0 | |a Lịch sử và sự ngộ nhận | |
| 245 | 0 | |c Phan Duy Kha | |
| 260 | |a Hà Nội | ||
| 260 | |b Từ điển Bách khoa | ||
| 260 | |c 2008 | ||
| 520 | |a Nội dung sách gồm có hai phần: Phần 1: Nghi lễ tập tục, lối sống đạo lý truyền thống của dân tộc ta; Phần 2: Lịch sử của nhân vật trong lịch sử. | ||
| 650 | |a Personal names, vietnamese,Social life and customs,Tên người, Việt Nam,Cuộc sống xã hội và phong tục tập quán | ||
| 650 | |z Vietnam | ||
| 904 | |i Tuyến | ||
| 980 | |a Trung tâm Học liệu Trường Đại học Cần Thơ | ||